Southville International School and Colleges
Your cart is empty.
  • Cart
  • Lists
    Public lists Eva Luna New books Lux_list list_1
    Your lists Log in to create your own lists
  • Log in to your account
  • Your cookies
  • Search history
Southville International School and Colleges
  • Advanced search
  • Recent comments
  • Most popular
  • Libraries

Log in to your account

Log in with GOOGLE


If you do not have an external account, but do have a local account, you can still log in:

  1. Home
  2. MARC view: The giraffe and he pelly and me /
Normal view MARC view ISBD view

The giraffe and he pelly and me / (Record no. 354977)

[ view plain ]
MARC details
000 -LEADER
fixed length control field 00539nam a2200205Ia 4500
008 - FIXED-LENGTH DATA ELEMENTS--GENERAL INFORMATION
fixed length control field 180207s9999 xx 000 0 und d
020 ## - INTERNATIONAL STANDARD BOOK NUMBER
International Standard Book Number 9780439163675
050 ## - LIBRARY OF CONGRESS CALL NUMBER
Item number D131 1985
100 ## - MAIN ENTRY--PERSONAL NAME
Personal name Dahl, Roald
245 #4 - TITLE STATEMENT
Title The giraffe and he pelly and me /
245 ## - TITLE STATEMENT
Statement of responsibility, etc by Roald Dahl ; illustrated by Quentin Blake.
260 ## - PUBLICATION, DISTRIBUTION, ETC. (IMPRINT)
Place of publication, distribution, etc Broadway, New York
260 ## - PUBLICATION, DISTRIBUTION, ETC. (IMPRINT)
Name of publisher, distributor, etc Scholastic,
260 ## - PUBLICATION, DISTRIBUTION, ETC. (IMPRINT)
Date of publication, distribution, etc 1985
300 ## - PHYSICAL DESCRIPTION
Extent 78 pages :
300 ## - PHYSICAL DESCRIPTION
Other physical details illustrations ;
300 ## - PHYSICAL DESCRIPTION
Dimensions 19cm.
700 ## - ADDED ENTRY--PERSONAL NAME
Personal name Blake, Quentin, illustrator.
700 ## - ADDED ENTRY--PERSONAL NAME
Personal name Title.
Holdings
Withdrawn status Lost status Damaged status Home library Current library Date acquired Total Checkouts Full call number Barcode Date last seen Price effective from Koha item type
      Stonyhurst Southville International School (Malarayat) Stonyhurst Southville International School (Malarayat) 02/07/2018   GS FIC D131 1985 SSISM4522 02/07/2018 02/07/2018 Books

The giraffe and he pelly and me /

APA

Dahl R., Blake Q. i. & Title.The giraffe and he pelly and me. Broadway, New York: .

Chicago

Dahl Roald, Blake Quentin illustrator and Title.The giraffe and he pelly and me. Broadway, New York: .

Harvard

Dahl R., Blake Q. i. and Title.The giraffe and he pelly and me. Broadway, New York: .

MLA

Dahl Roald, Blake Quentin illustrator and Title.Broadway, New York: . .

  • Place hold
  • Print
  • Cite
  • Add to your cart (remove)
  • Save record
    BIBTEX Dublin Core MARCXML MARC (non-Unicode/MARC-8) MARC (Unicode/UTF-8) MARC (Unicode/UTF-8, Standard) MODS (XML) RIS
  • More searches
    Search for this title in:
    Other Libraries (WorldCat) Other Databases (Google Scholar) Online Stores (Bookfinder.com) Open Library (openlibrary.org)

Exporting to Dublin Core...

SOUTHVILLE LIBRARY

Southville International School and Colleges Library

1281 Tropical Ave. Cor. Luxembourg St., BF Homes International, Las Pinas City

Tel. No. 8256374 / 252358 Loc. 117/146

Powered by Koha